00561nam a2200193Ia 4500008004100000020001800041082000800059100002600067245004000093250000600133260002900139300001000168500002400178650002300202700002800225942000700253952009000260999001700350230524s9999 xx 000 0 und d a9788131720196 bASF aEdward. B.Saff942193 0a"Fundmental of Complex Analysis , " a3 aNew DelhibPearsonc2008 aL-Lp; aQuantity Number: 1 aMathamatics942194 aArthur. D.Snider942195 cBK 00104070aTATCLbTATCLcGENd2023-05-24l0o ASFp53947r2023-05-24w2023-05-24yBK c56546d56546